000 00792nam a2200217Ia 4500
001 20137
003 GE_BSU
008 181216s||||||||xx |||||||||||||| ||und||
040 _cGE_BSU
245 _aკარიბჭე №7(328) 6-19აპრილი.2017
245 _bმართლმადიდებლური ჟურნალი.
245 _cმთავარი რედაქტორი: თამარ მამაცაშვილი.
260 _aთბილისი
260 _c2017
300 _a62 გვ. 28სმ.
653 _aკარიბჭე. №7(328) 6-19აპრილი.2017
653 _aპერიოდიკა
653 _aრელიგია
653 _aსაეკლესიო ჟურნალი
942 _cCR
999 _c53099
_d53099